Metallica - Ride The Lightning - Statistics

General Stats
  • This quiz has been taken 110 times
  • The average score is 32 of 39
Answer Stats
Hint Answer % Correct
Now it´s time to ___ die
97%
I don´t want to ___ die
97%
Now its time to ___ die
97%
Strapped in the ___ chair electric
96%
This can´t be ___ to me happening
95%
___ before my eyes Flash
94%
___ before my eyes Flash
94%
Now its ___ to die time
92%
Flash before my ___ eyes
91%
I can ___ the flame feel
91%
If this is true, just let it ___ be
88%
Burning in my ___ brain
88%
Burning in my ___ brain
88%
There´s someone else ___ me controlling
88%
Someone ___ me, oh please god ___ me help
88%
The´re trying to take it all ___ away
87%
___ in my brain Burning
87%
The minutes seem like ___ hours
87%
Guilty as ___ charged
86%
"I´ll take your ___ from you?" life
86%
But damn it, it ain´t ___ right
86%
I can feel the ___ flame
85%
I can feel the ___ flame
85%
What am i doing ___? here
85%
To flick the ___ of death switch
85%
It´s the ___ of the end beginning
84%
Consciousness my only ___ friend
84%
Time moving ___ slow
84%
___ in the air Death
82%
Just get it ___ with over
80%
My fingers grip with ___ fear
75%
Who made you ___ to say god
74%
Wait for the ___ sign
73%
The final ___ call i see curtain
63%
As i watch death ___ unfold
61%
___, chilling cold Sweat
57%
Freed from this ___ dream frightening
45%
Wakened by ___ scream horrid
43%
How ___ is this? true
43%
No matching quizzes found
Score Distribution
Percent of People with Each Score
Percentile by Number Answered
Your Score History
You have not taken this quiz